[Event "Mittelfranken-chTB2b 1516"]
[Site "Mittelfranken"]
[Date "2015.12.06"]
[Round "4.4"]
[White "Weiss, Markus"]
[Black "Lutzky, Manfred"]
[Result "0-1"]
[WhiteElo "1845"]
[BlackElo "1880"]
[PlyCount "78"]
[EventDate "2015.10.18"]
[EventType "team-tourn"]
[EventRounds "9"]
[EventCountry "GER"]
[SourceTitle "EXT 2020"]
[Source "ChessBase"]
[SourceDate "2019.10.17"]
[SourceVersion "1"]
[SourceVersionDate "2019.10.17"]
[SourceQuality "1"]
[WhiteTeam "Erlangen SC III"]
[BlackTeam "Nuernberg NT IV"]
[WhiteTeamCountry "GER"]
[BlackTeamCountry "GER"]

1. d4 d5 2. c4 e6 3. Nc3 Nf6 4. Bg5 Be7 5. cxd5 exd5 6. e3 0-0 7. Bd3 Nbd7 8. Nge2 c6 9. Qc2 Re8 10. 0-0 Nf8 11. f3 Nh5 12. Bxe7 Qxe7 13. Nd1 Ng6 14. Kh1 Qg5 15. g4 Nf6 16. Bxg6 hxg6 17. h3 Bd7 18. Nf4 Re7 19. Ng2 Ne8 20. Nf2 Nd6 21. b3 Qf6 22. Nd3 Rf8 23. Ne5 g5 24. Rae1 Qh6 25. Kh2 Be8 26. Qc5 Nc8 27. e4 Qd6 28. Qxd6 Nxd6 29. exd5 cxd5 30. Nd3 Rc7 31. Nb4 Bc6 32. Ne3 Nb5 33. Nf5 a5 34. Nxc6 bxc6 35. Re7 Rfc8 36. Rc1 g6 37. Rxc7 Rxc7 38. Ne3 Nxd4 39. Nxd5 Rb7 0-1

[Event "Mittelfranken-chTB2b 1415"]
[Site "Mittelfranken"]
[Date "2014.09.28"]
[Round "1.2"]
[White "Gallardo Estrella, Alvaro"]
[Black "Weiss, Markus"]
[Result "1/2-1/2"]
[WhiteElo "2055"]
[BlackElo "1845"]
[PlyCount "101"]
[EventDate "2014.09.28"]
[EventType "team-tourn"]
[EventRounds "9"]
[EventCountry "GER"]
[SourceTitle "EXT 2020"]
[Source "ChessBase"]
[SourceDate "2019.10.17"]
[SourceVersion "1"]
[SourceVersionDate "2019.10.17"]
[SourceQuality "1"]
[WhiteTeam "Neumarkt"]
[BlackTeam "Erlangen SC III"]
[WhiteTeamCountry "GER"]
[BlackTeamCountry "GER"]

1. d4 Nf6 2. c4 g6 3. Nc3 Bg7 4. e4 d6 5. f4 e5 6. fxe5 dxe5 7. d5 0-0 8. Be2 c6 9. Be3 Nbd7 10. h3 Qa5 11. Qc2 Qc7 12. Nf3 Nh5 13. 0-0 Nf4 14. b4 a5 15. b5 c5 16. Rad1 Qd6 17. Rd2 b6 18. Bd1 f6 19. Rdf2 g5 20. Kh2 Kh8 21. Ng1 Rd8 22. Qd2 Nf8 23. g3 N4g6 24. Bh5 Bd7 25. Nd1 Be8 26. Nf3 h6 27. h4 Nh7 28. hxg5 fxg5 29. Bxg5 hxg5 30. Nxg5 Nxg5 31. Qxg5 Nf8 32. Rf6 Nh7 33. Rxd6 Nxg5 34. Rxd8 Rxd8 35. Bxe8 Rxe8 36. Nc3 Rf8 37. Rxf8+ Bxf8 38. Na4 Nf3+ 39. Kg2 Nd2 40. Nxb6 Nxe4 41. Nc8 Nd6 42. b6 Kg7 43. Kf3 Kf6 44. Na7 Kf5 45. g4+ Kg5 46. Nc6 e4+ 47. Ke3 Nxc4+ 48. Kxe4 Nxb6 49. Nxa5 Kxg4 50. Ke5 c4 51. Kd4 1/2-1/2

[Event "Mittelfranken-chTB1 1314"]
[Site "Mittelfranken"]
[Date "2013.12.01"]
[Round "3.8"]
[White "Neumann, Robert"]
[Black "Weiss, Markus"]
[Result "0-1"]
[WhiteElo "1855"]
[BlackElo "1845"]
[PlyCount "108"]
[EventDate "2013.10.20"]
[EventType "team-tourn"]
[EventRounds "9"]
[EventCountry "GER"]
[SourceTitle "EXT 2020"]
[Source "ChessBase"]
[SourceDate "2019.10.17"]
[SourceVersion "1"]
[SourceVersionDate "2019.10.17"]
[SourceQuality "1"]
[WhiteTeam "Nuernberg NT III"]
[BlackTeam "Erlangen SC II"]
[WhiteTeamCountry "GER"]
[BlackTeamCountry "GER"]

1. c4 Nf6 2. g3 g6 3. Bg2 Bg7 4. d4 0-0 5. Nf3 d6 6. 0-0 Nbd7 7. Nc3 c6 8. b3 e5 9. e4 Qc7 10. Bb2 Ng4 11. h3 Nh6 12. dxe5 dxe5 13. Re1 f6 14. Qc2 a5 15. Na4 b6 16. Rad1 Nf7 17. Re2 Re8 18. Red2 Bf8 19. Nh2 Nd8 20. Ng4 Ne6 21. Ne3 Ndc5 22. Ng4 Be7 23. Nxc5 bxc5 24. Rf1 Nd4 25. Qd1 a4 26. f4 axb3 27. axb3 Bxg4 28. hxg4 Reb8 29. Rd3 Rb7 30. g5 fxg5 31. fxe5 Qxe5 32. Rf2 Rd8 33. Rfd2 h5 34. Bxd4 cxd4 35. Kh1 c5 36. Rf2 g4 37. Qf1 Bg5 38. Qd1 Rdb8 39. Rb2 Be3 40. Qe1 Rf8 41. Ra2 Rbf7 42. Rxe3 dxe3 43. Qxe3 Rd8 44. Qh6 Rg7 45. Rd2 Rxd2 46. Qxd2 Qxg3 47. Qd5+ Kh7 48. Qxc5 Qxb3 49. e5 Qd1+ 50. Kh2 h4 51. Qd6 Qc2 52. Qf6 g5 53. Qc6 g3+ 54. Kg1 Qf2+ 0-1

[Event "Mittelfranken-chTB1 1213"]
[Site "Germany"]
[Date "2013.03.10"]
[Round "8.7"]
[White "Dittmar, Thomas"]
[Black "Weiss, Markus"]
[Result "1/2-1/2"]
[WhiteElo "1795"]
[BlackElo "1864"]
[PlyCount "86"]
[EventDate "2012.10.07"]
[EventType "team-tourn"]
[EventRounds "9"]
[EventCountry "GER"]
[SourceTitle "EXT 2019"]
[Source "ChessBase"]
[SourceDate "2018.10.10"]
[SourceVersion "1"]
[SourceVersionDate "2018.10.10"]
[SourceQuality "1"]
[WhiteTeam "Fuerth SF"]
[BlackTeam "Erlangen SC II"]
[WhiteTeamCountry "GER"]
[BlackTeamCountry "GER"]

1. d4 Nf6 2. Nf3 g6 3. c4 Bg7 4. Nc3 0-0 5. e4 d6 6. Be2 e5 7. d5 Nbd7 8. Bg5 a5 9. Nd2 Nc5 10. b3 h6 11. Be3 Nfd7 12. a3 Nxe4 13. Ndxe4 f5 14. Qc1 fxe4 15. Bxh6 Qh4 16. Be3 Nc5 17. Bxc5 dxc5 18. 0-0 Bh6 19. Qc2 Bf5 20. g3 Qh3 21. Nxe4 Kf7 22. Bd3 Rh8 23. f4 exf4 24. gxf4 Qe3+ 25. Kh1 Bg4 26. Nd2 Bxf4 27. Rxf4+ Qxf4 28. Rf1 Rxh2+ 29. Kg1 Bf3 30. Rxf3 Qxf3 31. Nxf3 Rxc2 32. Bxc2 Kf6 33. Kf2 Rh8 34. Bd3 b6 35. Kg3 Re8 36. Kf4 Re7 37. Nd2 g5+ 38. Kf3 Ke5 39. Ke3 g4 40. Ne4 Kf5 41. Bc2 Re8 42. Bd3 Re7 43. Bc2 Re8 1/2-1/2

[Event "Mittelfranken-chTB1 1112"]
[Site "Germany"]
[Date "2012.02.26"]
[Round "7.8"]
[White "Weiss, Markus"]
[Black "Herbst, Thomas"]
[Result "0-1"]
[WhiteElo "1864"]
[BlackElo "1865"]
[PlyCount "58"]
[EventDate "2011.09.25"]
[EventType "team-tourn"]
[EventRounds "9"]
[EventCountry "GER"]
[SourceTitle "EXT 2018"]
[Source "ChessBase"]
[SourceDate "2017.10.13"]
[SourceVersion "1"]
[SourceVersionDate "2017.10.13"]
[SourceQuality "1"]
[WhiteTeam "Erlangen SC II"]
[BlackTeam "Nuernberg SK 1911"]
[WhiteTeamCountry "GER"]
[BlackTeamCountry "GER"]

1. d4 d5 2. c4 c6 3. e3 Nf6 4. Nc3 e6 5. Nf3 Nbd7 6. Bd3 dxc4 7. Bxc4 b5 8. Bd3 Bb7 9. 0-0 a6 10. e4 c5 11. d5 c4 12. Bc2 Qc7 13. dxe6 fxe6 14. Ng5 Nc5 15. e5 Qxe5 16. Re1 Qc7 17. Nxe6 Nxe6 18. Rxe6+ Kf7 19. Qe2 Bd6 20. h3 Qc6 21. Rxf6+ gxf6 22. Be4 Qd7 23. Qh5+ Ke7 24. Nd5+ Bxd5 25. Bxd5 Rae8 26. Qf7+ Kd8 27. Qxf6+ Qe7 28. Bg5 Kc7 29. Qxh8 Qe1+ 0-1

[Event "Mittelfranken-chTB1 1112"]
[Site "Germany"]
[Date "2011.09.25"]
[Round "1.8"]
[White "Sikorsky, Reinhard"]
[Black "Weiss, Markus"]
[Result "0-1"]
[WhiteElo "1659"]
[BlackElo "1866"]
[PlyCount "80"]
[EventDate "2011.09.25"]
[EventType "team-tourn"]
[EventRounds "9"]
[EventCountry "GER"]
[SourceTitle "EXT 2013"]
[Source "ChessBase"]
[SourceDate "2012.11.22"]
[SourceVersion "1"]
[SourceVersionDate "2012.11.22"]
[SourceQuality "1"]
[WhiteTeam "Gunzenhausen"]
[BlackTeam "Erlangen SC II"]
[WhiteTeamCountry "GER"]
[BlackTeamCountry "GER"]

1. e4 e6 2. d4 d5 3. Nc3 Nf6 4. exd5 exd5 5. Bd3 Nc6 6. Nf3 Bg4 7. Be3 Bb4 8. 0-0 Qd7 9. a3 Be7 10. b4 0-0 11. Be2 Ne4 12. Nxe4 dxe4 13. Nd2 Bxe2 14. Qxe2 Nxd4 15. Bxd4 Qxd4 16. Qxe4 Qxd2 17. Qxe7 Qc3 18. Qe1 Qc4 19. Rd1 Rae8 20. Qd2 Re2 21. Qd3 Rxc2 22. Qe3 c5 23. Rc1 cxb4 24. axb4 Rxc1 25. Rxc1 Qxb4 26. Qxa7 Re8 27. Qa1 b5 28. Kf1 Kf8 29. Qb1 Qxb1 30. Rxb1 Re5 31. Rc1 Ke7 32. Rc7+ Ke6 33. Rb7 g5 34. g4 Rd5 35. Ke2 h6 36. Rb8 Ke5 37. Ke3 Rc5 38. Re8+ Kd6 39. Rh8 Rc6 40. Re8 Rb6 0-1

[Event "Nuremberg Zabo op 12th"]
[Site "Nuremberg"]
[Date "2010.09.19"]
[Round "5"]
[White "Weiss, Markus"]
[Black "Nuesslein, Christian"]
[Result "1-0"]
[WhiteElo "1843"]
[BlackElo "1615"]
[PlyCount "53"]
[EventDate "2010.09.17"]
[EventType "swiss"]
[EventRounds "5"]
[EventCountry "GER"]
[SourceTitle "EXT 2011"]
[Source "ChessBase"]
[SourceDate "2010.11.26"]
[SourceVersion "1"]
[SourceVersionDate "2010.11.26"]
[SourceQuality "1"]

1. d4 Nf6 2. c4 c5 3. d5 b5 4. cxb5 a6 5. b6 d6 6. Nc3 Qxb6 7. e4 Nbd7 8. Nf3 g6 9. Be2 Bg7 10. 0-0 0-0 11. Nd2 Ne5 12. Kh1 e6 13. f4 Ned7 14. Nc4 Qc7 15. dxe6 fxe6 16. Qxd6 Qxd6 17. Nxd6 Nb6 18. Be3 Nbd7 19. Bc4 Nb6 20. Bb3 Nfd7 21. Bxe6+ Kh8 22. Nxc8 Raxc8 23. e5 Rfe8 24. Bg4 Rcd8 25. Bxd7 Nxd7 26. Rad1 Kg8 27. Rd6 1-0

[Event "Nuremberg Zabo op 12th"]
[Site "Nuremberg"]
[Date "2010.09.17"]
[Round "1"]
[White "Weiss, Markus"]
[Black "Semenova, Alisa"]
[Result "1-0"]
[WhiteElo "1843"]
[BlackElo "1105"]
[PlyCount "41"]
[EventDate "2010.09.17"]
[EventType "swiss"]
[EventRounds "5"]
[EventCountry "GER"]
[SourceTitle "EXT 2011"]
[Source "ChessBase"]
[SourceDate "2010.11.26"]
[SourceVersion "1"]
[SourceVersionDate "2010.11.26"]
[SourceQuality "1"]

1. d4 d5 2. c4 e6 3. Nc3 Nf6 4. cxd5 exd5 5. Bg5 Be7 6. e3 0-0 7. Bd3 h6 8. Bh4 Nc6 9. a3 Re8 10. Qc2 g5 11. Bg3 Bd6 12. Nge2 Bxg3 13. Nxg3 Nxd4 14. Qa4 Nc6 15. 0-0-0 Bd7 16. Bf5 Bxf5 17. Nxf5 h5 18. h4 g4 19. Qf4 Nh7 20. Nxd5 Re5 21. Nde7+ 1-0

[Event "Mittelfranken-chTB2a 0910"]
[Site "Mittelfranken"]
[Date "2010.01.31"]
[Round "6.4"]
[White "Weiss, Markus"]
[Black "Walther, Reinhard"]
[Result "1-0"]
[WhiteElo "1819"]
[BlackElo "1860"]
[PlyCount "121"]
[EventDate "2009.10.11"]
[EventType "team-tourn"]
[EventRounds "9"]
[EventCountry "GER"]
[SourceTitle "EXT 2011"]
[Source "ChessBase"]
[SourceDate "2010.11.26"]
[SourceVersion "1"]
[SourceVersionDate "2010.11.26"]
[SourceQuality "1"]
[WhiteTeam "Erlangen SC II"]
[BlackTeam "Herzogenaurach"]
[WhiteTeamCountry "GER"]
[BlackTeamCountry "GER"]

1. d4 d5 2. c4 Bf5 3. Nc3 e6 4. e3 Nc6 5. a3 Nf6 6. Bd3 Bxd3 7. Qxd3 dxc4 8. Qxc4 Nd5 9. Nf3 Nb6 10. Qd3 Be7 11. 0-0 Qd7 12. b4 Bf6 13. Ne4 0-0-0 14. Bd2 Ne5 15. Nxe5 Bxe5 16. Rfc1 f5 17. Nc5 Qd5 18. Qc2 Bd6 19. a4 Rhf8 20. a5 Na8 21. a6 b6 22. Na4 e5 23. Bc3 e4 24. Be1 Kb8 25. Nc3 Qe6 26. Nb5 Qd7 27. Qc4 Rf6 28. g3 Rg6 29. Qd5 Qc8 30. Qb7+ Qxb7 31. axb7 Kxb7 32. Rxa7+ Kc8 33. Rxa8+ Kd7 34. Rxd8+ Kxd8 35. Nxd6 Rxd6 36. Kg2 Kd7 37. f3 exf3+ 38. Kxf3 g5 39. h3 Rh6 40. Kg2 Rd6 41. Bf2 h5 42. Rc4 Re6 43. b5 Rd6 44. Kf3 Rd5 45. Rb4 Ke6 46. h4 g4+ 47. Kf4 Kf6 48. Rc4 Rxb5 49. Rc6+ Kg7 50. Rxc7+ Kg6 51. Rc6+ Kg7 52. Be1 Rb1 53. Bc3 Rf1+ 54. Kg5 Rf3 55. d5+ Kf8 56. Kf6 Ke8 57. Re6+ Kd7 58. Be1 b5 59. d6 b4 60. Bxb4 Rxg3 61. Re7+ 1-0

[Event "Mittelfranken-chTB2a 0809"]
[Site "Mittelfranken"]
[Date "2009.01.25"]
[Round "5.5"]
[White "Weiss, Markus"]
[Black "Walter, Markus"]
[Result "1/2-1/2"]
[WhiteElo "1844"]
[BlackElo "1926"]
[PlyCount "59"]
[EventDate "2008.10.12"]
[EventType "team"]
[EventRounds "9"]
[EventCountry "GER"]
[SourceTitle "EXT 2011"]
[Source "ChessBase"]
[SourceDate "2010.11.26"]
[SourceVersion "1"]
[SourceVersionDate "2010.11.26"]
[SourceQuality "1"]
[WhiteTeam "Erlangen SC II"]
[BlackTeam "Nuernberg SK 1911"]
[WhiteTeamCountry "GER"]
[BlackTeamCountry "GER"]

1. d4 c6 2. c4 d5 3. e3 Nf6 4. Nc3 g6 5. b3 Bg7 6. Bd3 0-0 7. Nge2 b6 8. 0-0 Bb7 9. f3 Nbd7 10. e4 e5 11. exd5 cxd5 12. Ba3 Re8 13. cxd5 exd4 14. Nb5 Nc5 15. Bxc5 bxc5 16. d6 Nd5 17. Qd2 a6 18. Nc7 Nxc7 19. dxc7 Qxc7 20. Rac1 Qb6 21. Qg5 Rac8 22. Ng3 h6 23. Qf4 Qf6 24. Qd2 Qb6 25. Qf4 Qc7 26. Qg4 Re3 27. Rfd1 Rce8 28. Bc4 Qe7 29. Qxg6 Qf6 30. Qh5 1/2-1/2

[Event "Mittelfranken-chTB2a 0809"]
[Site "Mittelfranken"]
[Date "2008.10.12"]
[Round "1.5"]
[White "Weiss, Markus"]
[Black "Meyer, Harald"]
[Result "1-0"]
[WhiteElo "1844"]
[BlackElo "1762"]
[PlyCount "63"]
[EventDate "2008.10.12"]
[EventType "team"]
[EventRounds "9"]
[EventCountry "GER"]
[SourceTitle "EXT 2011"]
[Source "ChessBase"]
[SourceDate "2010.11.26"]
[SourceVersion "1"]
[SourceVersionDate "2010.11.26"]
[SourceQuality "1"]
[WhiteTeam "Erlangen SC II"]
[BlackTeam "Grossenseebach II"]
[WhiteTeamCountry "GER"]
[BlackTeamCountry "GER"]

1. d4 Nf6 2. c4 e6 3. Nc3 d5 4. cxd5 exd5 5. Bg5 Be7 6. e3 Bf5 7. Bd3 Bxd3 8. Qxd3 c6 9. Nge2 Nbd7 10. f3 Qa5 11. 0-0 Rd8 12. Qf5 h6 13. Bh4 g6 14. Qh3 c5 15. a3 Qb6 16. Nf4 Qb3 17. Rae1 Kf8 18. e4 cxd4 19. Ncxd5 Nxd5 20. Nxd5 Bxh4 21. Qxh4 Kg7 22. Qf2 Rhe8 23. Qxd4+ Kg8 24. Re3 Qc2 25. Rc3 Qxb2 26. f4 Rc8 27. Rff3 b6 28. Ne7+ Kh7 29. Nxc8 Rxc8 30. Qxd7 Qa1+ 31. Kf2 Qb2+ 32. Kg3 1-0

[Event "Mittelfrankenliga-B2a 0708"]
[Site "Mittelfranken"]
[Date "2008.03.02"]
[Round "7.4"]
[White "Thuerauf, Peter"]
[Black "Weiss, Markus"]
[Result "1-0"]
[WhiteElo "1785"]
[BlackElo "1844"]
[PlyCount "71"]
[EventDate "2007.10.14"]
[EventType "team-tourn"]
[EventRounds "9"]
[EventCountry "GER"]
[SourceTitle "EXT 2011"]
[Source "ChessBase"]
[SourceDate "2010.11.26"]
[SourceVersion "1"]
[SourceVersionDate "2010.11.26"]
[SourceQuality "1"]
[WhiteTeam "Nuernberg Sued SW III"]
[BlackTeam "Erlangen SC II"]
[WhiteTeamCountry "GER"]
[BlackTeamCountry "GER"]

1. d4 Nf6 2. Nf3 g6 3. c4 Bg7 4. g3 0-0 5. Bg2 d6 6. 0-0 c6 7. Nc3 Nbd7 8. h3 e5 9. Be3 Qc7 10. Rc1 Nh5 11. b4 f5 12. d5 a5 13. a3 f4 14. gxf4 Nxf4 15. Bxf4 Rxf4 16. dxc6 bxc6 17. b5 Rxc4 18. bxc6 Nb6 19. Nd5 Rxc1 20. Nxc7 Rxd1 21. Rxd1 Rb8 22. Rxd6 Kf7 23. Rd1 Ke7 24. Ng5 h6 25. Ne4 Nc4 26. Nd5+ Kf8 27. c7 Rb2 28. Ndc3 Ke7 29. Rd8 Nb6 30. Rd6 Nc4 31. Nd5+ Kf7 32. Rd8 Rb1+ 33. Kh2 Rd1 34. Ndc3 Rd7 35. Rxc8 Nb6 36. Rb8 1-0

[Event "Mittelfrankenliga-B2a 0708"]
[Site "Mittelfranken"]
[Date "2008.01.27"]
[Round "5.3"]
[White "Kipferl, Wolfgang"]
[Black "Weiss, Markus"]
[Result "1-0"]
[WhiteElo "1885"]
[BlackElo "1844"]
[PlyCount "101"]
[EventDate "2007.10.14"]
[EventType "team-tourn"]
[EventRounds "9"]
[EventCountry "GER"]
[SourceTitle "EXT 2011"]
[Source "ChessBase"]
[SourceDate "2010.11.26"]
[SourceVersion "1"]
[SourceVersionDate "2010.11.26"]
[SourceQuality "1"]
[WhiteTeam "Neumarkt"]
[BlackTeam "Erlangen SC II"]
[WhiteTeamCountry "GER"]
[BlackTeamCountry "GER"]

1. e4 e6 2. d4 d5 3. exd5 exd5 4. Bd3 Bd6 5. Ne2 Nc6 6. c3 Nge7 7. Bg5 f6 8. Bf4 Bg4 9. f3 Bxf4 10. Nxf4 Qd6 11. Qd2 Bf5 12. Bxf5 Nxf5 13. Na3 0-0-0 14. 0-0-0 a6 15. Nc2 g5 16. Nd3 b6 17. g3 Kb7 18. Ndb4 a5 19. Nxc6 Qxc6 20. Qd3 Nd6 21. b3 Rhe8 22. g4 Re7 23. Rhe1 Rde8 24. Rxe7 Rxe7 25. Re1 Rxe1+ 26. Nxe1 Qe8 27. Nc2 h5 28. h3 hxg4 29. hxg4 Qh8 30. Ne3 Qh1+ 31. Qd1 Qg2 32. Nxd5 Qxa2 33. Qd3 Qa3+ 34. Kd2 Ne8 35. Qc2 c6 36. Ne3 Nc7 37. Nc4 Qe7 38. Qe4 Qxe4 39. fxe4 Ne8 40. Kd3 b5 41. Nxa5+ Kc7 42. e5 fxe5 43. dxe5 Ng7 44. Kd4 Ne6+ 45. Ke4 Nc5+ 46. Kf5 Kb6 47. b4 Na4 48. e6 Kc7 49. c4 bxc4 50. Nxc4 c5 51. b5 1-0

[Event "Mittelfrankenliga-B2a 0607"]
[Site "Mittelfranken"]
[Date "2007.03.25"]
[Round "8.1"]
[White "Weiss, Markus"]
[Black "Krauss, Hermann"]
[Result "0-1"]
[WhiteElo "1860"]
[BlackElo "1963"]
[PlyCount "56"]
[EventDate "2006.10.22"]
[EventType "team-tourn"]
[EventRounds "9"]
[EventCountry "GER"]
[SourceTitle "EXT 2011"]
[Source "ChessBase"]
[SourceDate "2010.11.26"]
[SourceVersion "1"]
[SourceVersionDate "2010.11.26"]
[SourceQuality "1"]
[WhiteTeam "Erlangen SC II"]
[BlackTeam "Nuernberg NT IV"]
[WhiteTeamCountry "GER"]
[BlackTeamCountry "GER"]

1. d4 c5 2. d5 Nf6 3. c4 e5 4. Nc3 d6 5. e4 Be7 6. Bd3 Nbd7 7. Nge2 Nf8 8. f3 Ng6 9. Be3 a6 10. 0-0 h5 11. Ng3 h4 12. Nf5 Nh5 13. Ne2 Bf6 14. Qa4+ Kf8 15. g3 hxg3 16. hxg3 Bg5 17. Bf2 Bxf5 18. exf5 Ngf4 19. gxf4 Bxf4 20. Rfd1 Qg5+ 21. Kf1 Ng3+ 22. Ke1 Rh1+ 23. Ng1 e4 24. Bxe4 Re8 25. Qc2 Nxe4 26. fxe4 Rxg1+ 27. Bxg1 Qxg1+ 28. Ke2 Qg2+ 0-1

[Event "Mittelfrankenliga-B2a 0607"]
[Site "Mittelfranken"]
[Date "2007.03.11"]
[Round "7.1"]
[White "Puschak, Oliver"]
[Black "Weiss, Markus"]
[Result "0-1"]
[WhiteElo "1872"]
[BlackElo "1860"]
[PlyCount "114"]
[EventDate "2006.10.22"]
[EventType "team-tourn"]
[EventRounds "9"]
[EventCountry "GER"]
[SourceTitle "EXT 2011"]
[Source "ChessBase"]
[SourceDate "2010.11.26"]
[SourceVersion "1"]
[SourceVersionDate "2010.11.26"]
[SourceQuality "1"]
[WhiteTeam "Lauf II"]
[BlackTeam "Erlangen SC II"]
[WhiteTeamCountry "GER"]
[BlackTeamCountry "GER"]

1. d4 Nf6 2. Nf3 g6 3. Nc3 Bg7 4. Bf4 d6 5. Qd2 0-0 6. Bh6 c6 7. e4 Qa5 8. Bxg7 Kxg7 9. Be2 Nbd7 10. 0-0 e5 11. Rad1 Nh5 12. dxe5 dxe5 13. Bc4 Ndf6 14. Qd6 Bg4 15. b4 Qa3 16. Bb3 Rae8 17. Rd3 Nf4 18. Re3 Bxf3 19. Rxf3 a5 20. g3 N4h5 21. Re1 Qxb4 22. Qxb4 axb4 23. Na4 Nd7 24. Rd3 Re7 25. c3 b5 26. Nb2 Nc5 27. Rde3 Nxb3 28. axb3 bxc3 29. Rxc3 Rc8 30. Rec1 Nf6 31. Rxc6 Rxc6 32. Rxc6 Nxe4 33. Nd3 Nd2 34. Rc5 e4 35. Nf4 b4 36. Rb5 Nf3+ 37. Kg2 Ne1+ 38. Kf1 Nc2 39. Nd5 Re5 40. Nc7 Rxb5 41. Nxb5 f5 42. Nc7 Kf6 43. Ke2 Nd4+ 44. Ke3 Ke5 45. Na6 Nc6 46. h3 g5 47. Nc5 f4+ 48. gxf4+ gxf4+ 49. Kd2 Nd4 50. Na6 Nxb3+ 51. Kd1 Nc5 52. Nxb4 Nd3 53. Nc6+ Kd5 54. Ne7+ Ke6 55. Nc6 Nxf2+ 56. Ke2 Nxh3 57. Kf1 Kf5 0-1

[Event "Mittelfrankenliga-B2a 0607"]
[Site "Mittelfranken"]
[Date "2006.11.12"]
[Round "2.1"]
[White "Wittmann, Helmut"]
[Black "Weiss, Markus"]
[Result "1-0"]
[WhiteElo "2123"]
[BlackElo "1860"]
[PlyCount "100"]
[EventDate "2006.10.22"]
[EventType "team-tourn"]
[EventRounds "9"]
[EventCountry "GER"]
[SourceTitle "EXT 2011"]
[Source "ChessBase"]
[SourceDate "2010.11.26"]
[SourceVersion "1"]
[SourceVersionDate "2010.11.26"]
[SourceQuality "1"]
[WhiteTeam "Erlangen BSGW"]
[BlackTeam "Erlangen SC II"]
[WhiteTeamCountry "GER"]
[BlackTeamCountry "GER"]

1. d4 Nf6 2. c4 g6 3. Nc3 Bg7 4. e4 d6 5. Be2 0-0 6. Be3 c6 7. h3 Nbd7 8. Nf3 e5 9. 0-0 Qc7 10. c5 dxc5 11. dxc5 b5 12. b4 Ne8 13. a4 bxa4 14. Rxa4 f5 15. b5 f4 16. bxc6 fxe3 17. Qd5+ Kh8 18. cxd7 Bxd7 19. Nb5 Bxb5 20. Bxb5 exf2+ 21. Rxf2 Rc8 22. Rc2 Rd8 23. Qa2 Qb7 24. Be2 Rb8 25. Rcc4 Qb2 26. Rxa7 Bh6 27. Rc2 Be3+ 28. Kh2 Qb4 29. Ra4 Qb7 30. Qa1 Qe7 31. Ra7 Qf6 32. c6 Qf4+ 33. g3 Qxe4 34. c7 Rxf3 35. Bxf3 Qxc2+ 36. Bg2 Rc8 37. Qxe5+ Ng7 38. Qxe3 Rxc7 39. Qf4 Rc8 40. Qf6 Qc3 41. Qxc3 Rxc3 42. Ra8+ Ne8 43. Rxe8+ Kg7 44. Re7+ Kh8 45. h4 g5 46. h5 h6 47. Be4 Re3 48. Kh3 Re2 49. Rh7+ Kg8 50. Bg6 Rf2 1-0

[Event "Mittelfrankenliga-B2a 0506"]
[Site "Germany"]
[Date "2006.04.30"]
[Round "9.2"]
[White "Weiss, Markus"]
[Black "Aronov, Maksym"]
[Result "0-1"]
[WhiteElo "1880"]
[BlackElo "2291"]
[PlyCount "57"]
[EventDate "2005.10.16"]
[EventType "team"]
[EventRounds "9"]
[EventCountry "GER"]
[SourceTitle "EXT 2007"]
[Source "ChessBase"]
[SourceDate "2006.11.23"]
[SourceVersion "1"]
[SourceVersionDate "2006.11.23"]
[SourceQuality "1"]

1. d4 Nf6 2. c4 g6 3. Nc3 Bg7 4. e4 d6 5. f4 0-0 6. Nf3 c6 7. Be2 Bg4 8. 0-0 Nfd7 9. Be3 Na6 10. Qd2 Nc7 11. h3 Bxf3 12. Bxf3 Rb8 13. b4 c5 14. bxc5 dxc5 15. dxc5 Nxc5 16. e5 Qxd2 17. Bxd2 f6 18. Be3 b6 19. Nd5 Nxd5 20. Bxd5+ Kh8 21. exf6 Bxf6 22. Rad1 Rbd8 23. g4 Na4 24. g5 Bg7 25. Be6 Nc3 26. Rxd8 Rxd8 27. c5 bxc5 28. Bxc5 a5 29. Bb6 0-1